Statistics for Sports Stars by Picture and Letter -- 'M' #2

Click here to take the quiz!

General Stats

  • This quiz has been taken 28 times
  • The average score is 7 of 18

Answer Stats

Answer% Correct
Micky Mantle
62%
Marta
58%
Lothar Matthäus
54%
Gerd Müller
50%
Willie Mays
50%
Conchita Martinez
46%
Javier Mascherano
42%
Stanley Matthews
42%
Connor McDavid
38%
Hana Mandlíková
35%
Jamal Musiala
31%
Keith Miller
27%
Shaunae Miller-Uibo
27%
Marc Marquez
23%
Malaika Mihambo
19%
Malcolm Marshall
19%
Kaylee McKeown
15%
Yaroslava Mahuchikh
12%

Score Distribution

Percentile by Number Answered

Percent of People with Each Score

Your Score History

You have not taken this quiz